• 首页
  • 本馆介绍
  • 公告通知
  • 最新文献
  • 馆藏检索
  • 电子资源
  • 读者导购
  • 参考咨询
  • 我的图书馆
  • 登录
  • 详细信息显示
  • 放入我的书架
  • 预约/预借图书
  • 作者相关作品
  • 分类相关作品
  • 丛书相关作品
  • 出版社相关作品

书目信息

  • 表格格式
  • 工作单格式
  • 卡片格式
题名:
团的组织工作问答
    
 
作者: ;共青团上海市委组织部 编
分册:  
出版信息: 上海   上海人民出版社  1984
页数: 176页
开本: 19cm
丛书名:
单 册:
中图分类: D29
科图分类:
主题词: 中国共产主义青年团
电子资源:
ISBN:
000 00702nam0 2200241 45
001 0184010034
005 20050630084441.1
010    @dCNY0.46
091    @a3074.577
100    @a19950621d1984 em y0chiy0121 ea
101 0  @achi
102    @aCN@b310000
105    @ay z 000yy
200 10 @a团的组织工作问答@Atuan de zu zhi gong zuo wen da@f共青团上海市委组织部编@FGong Qing Tuan Shang Hai Shi Wei Zu Zhi Bu Bian
205    @a2版@b增订本
210    @a上海@c上海人民出版社@d1984
215    @a176页@d19cm
606 0  @a中国共产主义青年团
690    @aD29@v3
711 02 @a共青团上海市委组织部@4编
801  0 @aCN@b上海图书馆@c20040424
801  2 @aCN@bNLC@c20040424
905    @dD29@e7@f1@b119711
    
    团的组织工作问答/共青团上海市委组织部编.-2版,增订本.-上海:上海人民出版社,1984
    176页;19cm
    
    
    ISBN :CNY0.46
    
●
相关链接 在E读中查询图书 在五车中查询图书 在当当中查询图书 在豆瓣中查询图书


正题名:团的组织工作问答     索取号:D29/7         预约/预借

序号 登录号 条形码 馆藏地/架位号 状态 备注
1 0119707   001727304   密集书库/ [索取号:D29/7] 在馆    
2 0119709   000381107   第一借阅区/ [索取号:D29/7] 在馆    
3 0119710   001727340   第一借阅区/ [索取号:D29/7] 在馆    
4 0119711   000381090   第一样本阅览室/ [索取号:D29/7] 在馆    
唐山师范学院图书馆 欢迎您!
大连网信软件有限公司© 版权所有